01844nam a2200301Ia 4500003000900000005001700009008004100026040003100067040001300098041000800111100002900119245008400148250001100232260002000243300001800263490003800281490000600319520040900325942001200734999001700746952011400763952016500877952010001042952010001142952010001242952010001342952010001442IT-RoPau20220918175746.0120407s9999 xx 000 0 und d aIT-RoPAUc20130510094327.0 cIT-RoPAU aita aSocietà San Paolo9527 aEsercizi Spirituali, 1970.bLa Comunità religiosa nell’ora del rinnovamento a1° ed aRomabSSPc1970 a205 p.c22 cm a(Doc. Paol., 3) Pro Manuscripto. v1 aIndice Ai fratelli Conclusioni dell'Inchiesta Introduzione: Prefazio per azione di grazia Meditazioni del mattino. Temi della comunità Omelie alla Celebrazione Eucaristica Meditazioni a colloquio Meditazioni serali. Temi di "Rinnovamento" Per una pastorale dei "nostri" esercizi: Esperienze e suggerimenti Punto di partenza per una riflessione sulla nostra situazioneinterna nell'ora del rinnovamento cBK2ddc c28567d28567 0010406DP_000000000000000__5971aPAULUSbPAULUSd2012-04-11l0oDP.59r2012-04-11 00:00:00w2012-04-11yBK 00104071aPAULUSbPAULUSd2012-04-11l0r2012-04-11 00:00:00w2012-04-11yBKzInserito da: Sergio In data: 27 settembre 2011 fondo: Via A.Severo 56 Progr:8080 00102ddc406P_C671aPAULUSbPAULUSd2013-05-10l0oP C6r2013-05-10 00:00:00w2013-05-10yBK 00102ddc406P_C671aPAULUSbPAULUSd2013-05-10l0oP C6r2013-05-10 00:00:00w2013-05-10yBK 00102ddc406P_C671aPAULUSbPAULUSd2013-05-10l0oP C6r2013-05-10 00:00:00w2013-05-10yBK 00102ddc406P_C671aPAULUSbPAULUSd2013-05-10l0oP C6r2013-05-10 00:00:00w2013-05-10yBK 00102ddc406P_C671aPAULUSbPAULUSd2013-05-10l0oP C6r2013-05-10 00:00:00w2013-05-10yBK